00245nam a22001097a 4500003000400000020001800004082001800022100002200040245003400062260003100096300000800127SGT a0-387-25068-9 a616.855bD05K aKELLEY MATHEW W.  aDEVELOPMENT OF THE INNER EAR  aNEW YORK bSPRINGER c2005 a240